The lost world & other stories
Colección de relatos que se relacionan al cuento de “the lost world”, manteniendo temas de exploración, ciencia ficción e incluso un poco de sobrenatural por una de sus historias. En estos cinco cuentos se nos presentan varios personajes siendo los más recurrentes e importantes el profesor Challenge...
Shranjeno v:
| Glavni avtor: | |
|---|---|
| Format: | Knjiga |
| Jezik: | Undetermined |
| Izdano: |
Gran Bretaña
Wordsworth
1995
|
| Teme: | |
| Oznake: |
Označite
Brez oznak, prvi označite!
|
MARC
| LEADER | 00000nam a2200000Ia 4500 | ||
|---|---|---|---|
| 008 | 170316s9999 xx 000 0 und d | ||
| 040 | |a cru BVZT | ||
| 090 | |a 820 D-11L | ||
| 100 | |a Doyle, Arthur Conan | ||
| 245 | 4 | |a The lost world & other stories | |
| 260 | |a Gran Bretaña | ||
| 260 | |b Wordsworth | ||
| 260 | |c 1995 | ||
| 300 | |a 461 páginas | ||
| 520 | |a Colección de relatos que se relacionan al cuento de “the lost world”, manteniendo temas de exploración, ciencia ficción e incluso un poco de sobrenatural por una de sus historias. En estos cinco cuentos se nos presentan varios personajes siendo los más recurrentes e importantes el profesor Challenger y el joven periodista Malone, quienes protagonizan cada aventura. | ||
| 650 | |a LITERATURA INGLESA |9 12 | ||
| 650 | |a CIENCIA FICCIÓN |9 117 | ||
| 999 | |c 6826 |d 6826 | ||
| 942 | |c 15 D |h 820 D-11L |2 z | ||
